| Tag |
First Indicator |
Second Indicator |
Subfields |
| LEADER |
00000cam a2200000 4500 |
| 001 |
in00000692003 |
| 005 |
20151016051604.0 |
| 008 |
751008s1941 pauaf b 10000 eng |
| 010 |
|
|
|a 41023177
|
| 035 |
|
|
|a (OCoLC)01685637
|
| 035 |
|
|
|9 ADB2322AM
|
| 040 |
|
|
|a DLC
|c GAT
|d GAT
|d TXA
|d UtOrBLW
|
| 049 |
|
|
|a TXAM
|c 1 [116895]
|c 2 [423510]
|c 3 [484677]
|
| 050 |
0 |
0 |
|a TA155
|b .P4
|
| 082 |
0 |
|
|a 532.5
|
| 110 |
2 |
|
|a University of Pennsylvania.
|b Bicentennial Conference
|d (1940 :
|c University of Pennsylvania)
|
| 245 |
1 |
0 |
|a Fluid mechanics and statistical methods in engineering /
|c by Hugh L. Dryden [and others] ...
|
| 264 |
|
1 |
|a Philadelphia :
|b University of Pennsylvania press,
|c 1941.
|
| 300 |
|
|
|a 3 pages ., 146 pages :
|b illustrations, plate, diagrams ;
|c 24 cm.
|
| 336 |
|
|
|a text
|b txt
|2 rdacontent
|
| 337 |
|
|
|a unmediated
|b n
|2 rdamedia
|
| 338 |
|
|
|a volume
|b nc
|2 rdacarrier
|
| 500 |
|
|
|a At head of title: University of Pennsylvania. Bicentennial conference.
|
| 504 |
|
|
|a Bibliography at end of some of the chapters.
|
| 505 |
0 |
|
|a Fluid mechanics: The role of transition from laminar to turbulent flow in fluid mechanics, by H. L. Dryden.--Problems of flow in compressible fluids, by Theodore von Karman.--Investigations of liquid turbulence and suspended material transportation, by A. A. Kalinske.--Mass transfer and friction in trubulent flow, by T. K. Sherwood.--Statistical methods in engineering: Contribution of mathematical statistics to scientific methodology, by S. S. Wilks.--Contribution of statistics to the science of engineering, by W. A. Shewhart.--Contribution of statistics to the development and use of purchasing specifications and standards of quality, by L. E. Simon.--The relation of statistical quality standards to law and legislation, by Roscoe Pound.
|
| 650 |
|
0 |
|a Fluid mechanics.
|
| 650 |
|
0 |
|a Mathematical statistics.
|
| 650 |
|
0 |
|a Engineering.
|
| 700 |
1 |
|
|a Dryden, Hugh Latimer,
|d 1898-
|
| 700 |
1 |
|
|a Von Kármán, Theodore,
|d 1881-1963.
|
| 700 |
1 |
|
|a Kalinske, Anton A.
|
| 740 |
0 |
|
|a Statistical methods in engineering.
|
| 999 |
|
|
|a MARS
|
| 999 |
f |
f |
|s b48d07b7-99b0-3678-b5a3-6c371741013a
|i 6d72e041-247c-3b05-a1c0-92399ef95fa4
|t 0
|
| 952 |
f |
f |
|p ric
|a Texas A&M University
|b Rellis Campus
|c Joint Library Facility
|s JLF
|d Remote Storage
|t 0
|e TA155 .P4
|h Library of Congress classification
|i unmediated -- volume
|m A14805292772
|
| 998 |
f |
f |
|a TA155 .P4
|t 0
|l Remote Storage
|